مكتبة جامعة عجلون الوطنية

فهرس بحث المكتبة

Normal view MARC view
  • المصارف الاسلامية -ادارة

Entry Topical Term

Number of records used in: 1

001 - CONTROL NUMBER

  • control field: 63232

003 - CONTROL NUMBER IDENTIFIER

  • control field: JO-AjAnu

005 - DATE AND TIME OF LATEST TRANSACTION

  • control field: 20230606084325.0

008 - FIXED-LENGTH DATA ELEMENTS

  • fixed length control field: 230606|| aca||aabn | a|a d

040 ## - CATALOGING SOURCE

  • Original cataloging agency: JO-AjAnu
  • Transcribing agency: JO-AjAnu

150 ## - HEADING--TOPICAL TERM

  • Topical term or geographic name entry element: المصارف الاسلامية -ادارة

670 ## - SOURCE DATA FOUND

  • Source citation: Work cat.: (JO-AjAnu)32238: اعداد الزغول، بلال احمد عبدالله؛ إشراف قاسم موسى ابو عيد, author 63231, دور الادارات العليا في المصارف الأسلامية الأردنية في تحقيق رشاقة المصرف=the Role of Top Management in islamic Banks in Achieving Bank Agility